Statistiche per Film “Chiedimi se sono felice” (2000) - personaggi

Clicka qui per fare il quiz!

Statistiche generali

  • Questo quiz è stato fatto 71 volte
  • Il punteggio medio è 7 su 13

Statistiche sulle risposte

SessoPersonaggio% Corretto
UomoAldo
98%
UomoGiacomo
98%
UomoGiovanni
97%
DonnaMarina
76%
DonnaSilvana
73%
UomoBeppe il ladro
51%
DonnaDaniela
43%
DonnaZia Caterina
43%
DonnaDalia
40%
UomoCatania
25%
UomoCapocommesso Grandi Magazzini
17%
UomoAgente Brioschi
8%
UomoAgente Rezzoli
5%

Distribuzione punteggi

Percentile per numero di risposta

Percentuale di utenti per punteggio

I tuoi punteggi nel tempo

Non hai fatto questo quiz